| 000 | 01692cam a22004694i 4500 | ||
|---|---|---|---|
| 003 | PE-LiUPU | ||
| 005 | 20250731173501.0 | ||
| 008 | 150616s1995 xxu r 000 0 eng d | ||
| 020 | _a0567295079 | ||
| 035 | _a(Sirsi) i9780567295071 | ||
| 040 |
_aPE-LiUPU _bspa _cPE-LiUPU _erda |
||
| 049 | _aPRUA | ||
| 082 | 0 | 4 |
_a200.9364 _bM12 _221 |
| 100 | 1 |
_aMackey, James P, _eautor. |
|
| 245 | 1 | 3 |
_aAn Introduction to Celtic Christianity ; _cJames P. Mackey. |
| 264 | 1 |
_aEdinburgh : _bT & T Clark, _c1995. |
|
| 300 |
_a440 páginas ; _c21 centímetros |
||
| 336 |
_atext _2rdacontent |
||
| 337 |
_aunmediated _2rdamedia |
||
| 338 |
_avolume _2rdacarrier |
||
| 505 | 0 | _aThe mission of Saint Patrick -- Hiberno-latin christian literature -- Irish Monks on the continent -- Celtic monks and the culdee reform -- Protestantism and scottish highland culture -- Medieval wales and the reformation. | |
| 526 | _aSEG42 | ||
| 526 | _aSEG41 | ||
| 526 | _aSEG40 | ||
| 526 | _aSEG39 | ||
| 526 | _aP94 | ||
| 526 | _aP87 | ||
| 526 | _aP86 | ||
| 526 | _aP85 | ||
| 526 | _aP77 | ||
| 526 | _aP76 | ||
| 526 | _aP35 | ||
| 650 | 1 | 4 |
_aIglesia celta _xHistoria. |
| 700 | 1 |
_aMackey, James P. _q(James Patrick), _d1934- |
|
| 910 |
_ajck _bjvq _cjck |
||
| 942 |
_2ddc _cBOOK |
||
| 949 |
_a200.9364 M12 _wDEWEY _c1 _i40315 _lCCODEBUL1 _mBUL _r0 _sY _tBOOK _u2015-4-23 _xTEOLOGIA _zUNKNOWN _0COMPRA _o.STAFF. Colección Teología |
||
| 994 |
_aC0 _bPEPRU |
||
| 596 | _a1 | ||
| 999 |
_a200.9364 M12 _wDEWEY _c58118 _i40315 _f2021-11-9 _g5 _lCCODEBUL1 _mBUL _p30.00 _r0 _sY _tBOOK _u2015-4-23 _xTEOLOGIA _PP35 _0COMPRA _o.STAFF. Colección Teología _d58118 |
||
| 980 |
_81 _gALBERTO SANCHEZ Responsable de Automatización |
||